Normal view
MARC view
- تأليف: ياقوت الحموي، شهاب الدين ابي عبدالله الرومي البغدادي؛اعداد: فريد عبد العزيز الجندي
Entry Personal Name
001 - CONTROL NUMBER
- control field: 59104
003 - CONTROL NUMBER IDENTIFIER
- control field: JO-AjAnu
005 - DATE AND TIME OF LATEST TRANSACTION
- control field: 20230606083652.0
008 - FIXED-LENGTH DATA ELEMENTS
- fixed length control field: 230606|| aca||aabn | a|a d
040 ## - CATALOGING SOURCE
- Original cataloging agency: JO-AjAnu
- Transcribing agency: JO-AjAnu
100 ## - HEADING--PERSONAL NAME
- Personal name: تأليف: ياقوت الحموي، شهاب الدين ابي عبدالله الرومي البغدادي؛اعداد: فريد عبد العزيز الجندي
670 ## - SOURCE DATA FOUND
- Source citation: Work cat.: (JO-AjAnu)30148: تأليف: ياقوت الحموي، شهاب الدين ابي عبدالله الرومي البغدادي؛اعداد: فريد عبد العزيز الجندي, author, فهارس معجم البلدان، ج2 فهرس أطراف الحديث، فهرس البلدان، فهرس قوافي الشعر